=LDR 00000nam 2200000 4500 =001 INLIS000000000027299 =005 20130612125702 =008 ***********************************Ind** =035 ##$$0010-061300000027299 =041 ##$$a Ind =082 ##$$a 92 =090 ##$$a 92, Uto g =100 ##$$a Utomo,T wedy =245 ##$$a Gesang tetap gesang, T wedy utomo =260 ##$$a 2002 $b Semarang =300 ##$$a viii,92 hlm, ilus, 21 cm =650 ##$$a Gesang Biografi =850 ##$$a NBPNMAT